01426nam a2200265 a 4500001000200000003000900002005001700011008004100028020001800069040002500087082002900112111015100141245012100292246009000413260007100503300005400574500007400628650010000702650008400802650008700886700002500973700003300998710005101031710007801082 DO-SdBNP20211116114323.0110411s2010 dr abcg r 000 0 spa d a9789945866650 aDO-SdBNPbspacBPMSU a784.1888bC749m 20102222 aCongreso Internacional Música, Identidad y Cultura en el Cariben(3o. :d2009 :17-19 abril.cSantiago de los Caballeros, República Dominicana)13aEl bolero en la cultura caribeña y su proyección universal /ceditores Darío Tejeda, Rafael Emilio Yunén.b 13aMemorias del tercer Congreso Internacional Música, Identidad y Cultura en el Caribe aSanto Domingo :bCentro León ;bMinisterio de Cultura,c2010.b  a655 p. :bil., mapas., música, retrs. ;c26 cm. aIncluye referencias bibliográficas y notas al pie de las páginas. 4aBolero (música)zRepública DominicanaxHistoria y críticavCongresos, conferencias, etc.  4aMúsicaxAspectos socialesyCaribe, (Región)vCongresos, conferencias, etc.  4aMúsica bailable caribeñaxHistoria y críticavCongresos, conferencias, etc. 1 aTejeda, Daríoeed.1 aYunén, Rafael Emilio,eed.2 aMinisterio de Cultura (República Dominicana)1 aInstituto de Estudios Caribeños (Santo Domingo, República Dominicana)